Flashcards - CvW - Statistics

General Stats
  • This quiz has been taken 6 times
    3 since last reset
  • The average score is 23 of 56
Answer Stats
Question Answer % Correct
Anatomie - Os Tibia Scheenbeen
100%
Anatomie - Pelvis Bekken
67%
Anatomie - Os (Ossa = meervoud) Botstuk/botstukken
67%
Botverbinding - Bindweefselverbinding Botten zijn vergroeid d.m.v. bindweefsel
67%
Anatomie - Os Humerus Bovenarm/opper arm
67%
Anatomie - Os Femur Dijbeen
67%
Bewegingen - Vingers bewegen naar de handrug, de enkel buigen (flex), hoe heet deze beweging? Dorsaalflexie
67%
Anatomie - Os Ulna Ellepijp
67%
Bewegingen - Buigen Flexie
67%
Anatomie - Ligamenta Gewrichtsbanden
67%
Anatomie - Synovia Gewrichtsvocht
67%
Anatomie - Welke van de vier gewrichtsvormen behoort hier niet toe? Het draaigewricht
67%
Anatomie - Os Patella Knieschijf
67%
Anatomie - Cavum Kom
67%
Anatomie - Meniscus, Labrum Kraakbeenschijf
67%
Anatomie - Os Fibula Kuitbeen
67%
Bewegingen - Vingers buigen naar de handpalm (Enkel strekken) Palmair/Plantairflexie
67%
Anatomie - Os Costa Rib
67%
Anatomie - Os Pubis Schaambeen
67%
Anatomie - Os Clavicula Sleutelbeen
67%
Anatomie - Bursa Slijmbeurs, een zakvormige ruimte (al dan niet gesloten) die bescherming biedt tegen wrijving van weke delen die over het bot bewegen.
67%
Anatomie - Os Radius Spraakbeen
67%
Anatomie - Os Ischii Zitbeen
67%
Beweging - Van het lichaam afbrengen Abductie
33%
Bewegingen - Naar het lichaam toe bewegen Adductie
33%
Anatomie - Os Sternum Borstbeen
33%
Anatomie - Vertebrae Thoracicae Borstwervels (12 stuks)
33%
Botverbinding - Kraakbeenweefselverbinding Botten zijn vergroeid d.m.v. kraakbeenweefsel
33%
Anatomie - A Os ilium Darmbeen
33%
Bewegingen - Het achterwaarts buigen in de wervelkolom Dorsaalflexie
33%
Bewegingen - Naar binnen draaien Endorotatie
33%
Bewegingen - Naar buiten draaien Exorotatie
33%
Anatomie - Facies Articularis Gewrichtsvlak
33%
Anatomie - Vertebrae cervicales Halswervels (7 stuks)
33%
Botverbinding - Botweefselverbinding Het ene botstuk is aan het andere v ast gegroeid d.m.v. botweefsel
33%
Anatomie - Caput Kop
33%
Bewegingen - Het zijwaarts buigen in de wervelkolom Lateraalflexie
33%
Anatomie - Vertebrae lumbales Lendenwervels (5 stuks)
33%
Wervelkolom - Bocht naar voren, de holling Lordose
33%
Bewegingen - Schouderblad naar achteren trekken Retractie
33%
Bewegingen - In achterwaartse richting heffen Retroflexie
33%
Anatomie - Os Scapula Schouderblad
33%
Wervelkolom - Zijwaartse bochten of krommingen (Abnormale bocht) Scoliose
33%
Anatomie - Columna vertebralis Wervelkolom
33%
Bewegingen - van het lichaam af in het horizontale vlak Abductie in het horizontale vlak
0%
Bewegingen - Naar het lichaam toe in het horizontale vlak Adductie in het horizontale vlak
0%
Bewegingen - in voorwaartse richting heffen Anteflexie
0%
Gewricht - Welke klopt niet bij Articulatio Bestaat uit kraakbeen en spieren
0%
Bewegingen - Schouderblad omlaag trekken Depressie
0%
Anatomie - Capsula Articularis Gewrichtskapsel
0%
Anatomie - Os Sacrum Heiligbeen (5 stuks)
0%
Wervelkolom - Bocht naar achteren, de bolling Kyfose
0%
Bewegingen - De duim draait naar binnen Pronatie
0%
Bewegingen - Schouderblad naar voren trekken Protractie
0%
Anatomie - Os Coccygis Stuit/staartbeen (1 stuk)
0%
Beweging - De duim draait naar buiten Supinatie
0%
No matching quizzes found
Score Distribution
Percent of People with Each Score
Percentile by Number Answered
Your Score History
You have not taken this quiz since the last reset